| 000 | 00799cas a2200253u 4500 | ||
|---|---|---|---|
| 001 | 25511 | ||
| 003 | BD-RjUL | ||
| 005 | 20211209050905.0 | ||
| 008 | 140318s1956 pk u 0 0eng d | ||
| 035 | _a(BD-RjUL) 25581 | ||
| 040 |
_aDLC _cCarP _dDLC _dBD-RjUL _beng |
||
| 041 | _aeng | ||
| 082 | 0 | 0 |
_220 _a 306.095491 _bWES 1956 |
| 245 | 0 | 0 | _aWest Pakistan year book / |
| 260 |
_aLahore : _bPublic Relations Dept., West Pakistan, _c1956 |
||
| 300 |
_av.231p. : _billus. ; _c24 cm. |
||
| 500 | _aSerial. | ||
| 651 | 0 |
_aPakistan _xPolitics and government _vPeriodicals. _978460 |
|
| 651 | 0 |
_aPakistan _xSocial conditions _vPeriodicals. _978461 |
|
| 710 | 1 |
_aWest Pakistan. _bPublic Relations Department [from old catalog] _978462 |
|
| 942 |
_2ddc _cBK |
||
| 999 |
_c25511 _d25511 |
||